000 00490nam a22001697a 4500
003 OSt
005 20140310182149.0
008 130830t xxu||||| |||| 00| 0 eng d
050 _aD 21
_b.K96 1971
082 _aHS 306.909
_bk95 1971
245 _aWestern civilization I (to 1500A.D.) /
_cGerald Kurland.
260 _aNew York, NY :
_bSimon & Schuster, Inc.,
_cc1971.
300 _a204 p. :
_bill. ;
_c28 cm.
650 _aAsian Civilization
_915653
942 _2lcc
_cHS
_kHS
999 _c9976
_d9976